[Event "Regionalliga Mittelrhein 1213"]
[Site "Germany"]
[Date "2013.05.26"]
[Round "11.3"]
[White "Krutwig, Longlong"]
[Black "Kloss, Henning"]
[Result "1-0"]
[WhiteElo "2190"]
[BlackElo "2124"]
[PlyCount "101"]
[EventDate "2012.09.09"]
[EventType "team"]
[EventRounds "11"]
[EventCountry "GER"]
[SourceTitle "EXT 2015"]
[Source "ChessBase"]
[SourceDate "2014.11.20"]
[SourceVersion "1"]
[SourceVersionDate "2014.11.20"]
[SourceQuality "1"]
[WhiteTeam "Gruenfeld"]
[BlackTeam "Koeln Lasker"]
[WhiteTeamCountry "GER"]
[BlackTeamCountry "GER"]

1. d4 Nf6 2. c4 g6 3. Nc3 d5 4. cxd5 Nxd5 5. e4 Nxc3 6. bxc3 Bg7 7. Nf3 c5 8. Rb1 0-0 9. Be2 cxd4 10. cxd4 Qa5+ 11. Bd2 Qxa2 12. 0-0 Bg4 13. Bg5 h6 14. Be3 Nc6 15. d5 Na5 16. Bc5 b6 17. Bxe7 Rfe8 18. d6 Nc6 19. Bb5 Nxe7 20. h3 Bxf3 21. Qxf3 Qe6 22. Bxe8 Rxe8 23. dxe7 Rxe7 24. Rb4 a5 25. Ra4 Qc6 26. Qb3 Rxe4 27. Rxe4 Qxe4 28. Qxb6 a4 29. Qb8+ Kh7 30. Rc1 h5 31. Qa7 Qf4 32. Rc7 Kg8 33. g3 Qf5 34. Qxa4 Qb1+ 35. Kg2 Qf5 36. Qc4 Be5 37. Rc8+ Kh7 38. Rc5 Qf6 39. Rxe5 Qxe5 40. Qxf7+ Kh6 41. Qf4+ Qxf4 42. gxf4 Kg7 43. Kf3 Kf6 44. Ke4 h4 45. f5 gxf5+ 46. Kd5 f4 47. f3 Kf5 48. Kd4 Kf6 49. Ke4 Ke6 50. Kxf4 Kf6 51. Kg4 1-0

[Event "Regionalliga Mittelrhein 1213"]
[Site "Germany"]
[Date "2012.10.21"]
[Round "3.3"]
[White "Krutwig, Longlong"]
[Black "Dick, Matthias"]
[Result "1-0"]
[WhiteElo "2190"]
[BlackElo "1999"]
[PlyCount "97"]
[EventDate "2012.09.09"]
[EventType "team"]
[EventRounds "11"]
[EventCountry "GER"]
[SourceTitle "EXT 2015"]
[Source "ChessBase"]
[SourceDate "2014.11.20"]
[SourceVersion "1"]
[SourceVersionDate "2014.11.20"]
[SourceQuality "1"]
[WhiteTeam "Gruenfeld"]
[BlackTeam "Pulheim"]
[WhiteTeamCountry "GER"]
[BlackTeamCountry "GER"]

1. d4 d5 2. c4 c6 3. Nf3 Nf6 4. Nc3 a6 5. c5 Nbd7 6. Bf4 Nh5 7. Bg5 h6 8. Bh4 g5 9. Bg3 Bg7 10. e3 Nxg3 11. hxg3 e5 12. Be2 0-0 13. Qc2 Re8 14. Rd1 exd4 15. exd4 Nf8 16. 0-0 Bg4 17. Nh2 Bxe2 18. Nxe2 Qc7 19. Rd3 Re4 20. Qd1 Rae8 21. Nc3 R4e6 22. Ng4 Qe7 23. Ne3 Qf6 24. Qd2 Qg6 25. g4 Nd7 26. Nf5 Bf8 27. Nd1 h5 28. Rg3 f6 29. Nde3 h4 30. Rh3 Re4 31. b4 Rxg4 32. Qd3 Rge4 33. f3 g4 34. Rxh4 gxf3 35. Rxf3 Rxh4 36. Ne7+ Rxe7 37. Qxg6+ Rg7 38. Qd3 Rgh7 39. Qg6+ Rg7 40. Qd3 Rgh7 41. Rg3+ Kh8 42. Nf5 Rh1+ 43. Kf2 R7h5 44. Rf3 Ra1 45. Rh3 Rxa2+ 46. Kg1 Rxh3 47. Qxh3+ Kg8 48. Qh5 Ra1+ 49. Kf2 1-0

[Event "Regionalliga Mittelrhein 1011"]
[Site "Germany"]
[Date "2011.04.10"]
[Round "8.3"]
[White "Krutwig, Longlong"]
[Black "Broehl, Stephan"]
[Result "1-0"]
[WhiteElo "2146"]
[BlackElo "2031"]
[PlyCount "61"]
[EventDate "2010.10.24"]
[EventType "team"]
[EventRounds "9"]
[EventCountry "GER"]
[SourceTitle "EXT 2015"]
[Source "ChessBase"]
[SourceDate "2014.11.20"]
[SourceVersion "1"]
[SourceVersionDate "2014.11.20"]
[SourceQuality "1"]
[WhiteTeam "Gruenfeld"]
[BlackTeam "Godesberg III"]
[WhiteTeamCountry "GER"]
[BlackTeamCountry "GER"]

1. d4 d5 2. c4 c6 3. Nf3 Nf6 4. Nc3 dxc4 5. a4 Bf5 6. e3 e6 7. Bxc4 Bb4 8. 0-0 0-0 9. Qe2 Bg6 10. Ne5 Nbd7 11. Nxg6 hxg6 12. Rd1 Qa5 13. Qc2 Nb6 14. Be2 Nbd5 15. Na2 Be7 16. Bd2 Qc7 17. e4 Nb6 18. a5 Nbd7 19. Rac1 Rac8 20. b4 e5 21. Be3 Bd6 22. dxe5 Bxe5 23. g3 Qb8 24. f4 Bc7 25. Bc4 b6 26. Ba6 Rce8 27. Qxc6 Rxe4 28. Rxd7 Nxd7 29. Qxe4 bxa5 30. Qc6 Qe8 31. Bxa7 1-0

[Event "GER-chT U20"]
[Site "Kelbra"]
[Date "2006.12.28"]
[Round "3.3"]
[White "Krutwig, Longlong"]
[Black "Hoffmann, Lukas"]
[Result "1-0"]
[WhiteElo "2172"]
[BlackElo "2151"]
[PlyCount "65"]
[EventDate "2006.12.27"]
[EventType "team-swiss"]
[EventRounds "7"]
[EventCountry "GER"]
[SourceTitle "EXT 2008"]
[Source "ChessBase"]
[SourceDate "2007.11.25"]
[SourceVersion "1"]
[SourceVersionDate "2007.11.25"]
[SourceQuality "1"]
[WhiteTeam "Koeln Muelheim U20"]
[BlackTeam "Hannover Post U20"]
[WhiteTeamCountry "GER"]
[BlackTeamCountry "GER"]

1. d4 d5 2. Nf3 Nc6 3. c3 Bg4 4. Nbd2 Nf6 5. e3 e5 6. h3 Bxf3 7. Nxf3 exd4 8. exd4 Bd6 9. Bd3 0-0 10. 0-0 Ne4 11. Re1 Re8 12. Qc2 f5 13. Qb3 Kh8 14. Qxb7 Re6 15. Bxe4 fxe4 16. Ng5 Rf6 17. Qxc6 h6 18. Kh1 Qf8 19. Be3 hxg5 20. Qxd5 Re8 21. Qxg5 Qf7 22. c4 Rf5 23. Qg4 Re6 24. d5 Rg6 25. Qxe4 Rh5 26. c5 Be5 27. f4 Rg3 28. Bf2 Rgxh3+ 29. gxh3 Rxh3+ 30. Kg1 Qh5 31. fxe5 Qg5+ 32. Qg2 Qf5 33. e6 1-0

[Event "GER-chT U20"]
[Site "Berlin"]
[Date "2005.12.27"]
[Round "1.1"]
[White "Kraemer, Martin"]
[Black "Krutwig, Longlong"]
[Result "1-0"]
[WhiteElo "2389"]
[BlackElo "2193"]
[PlyCount "45"]
[EventDate "2005.12.27"]
[EventType "team-swiss"]
[EventRounds "7"]
[EventCountry "GER"]
[SourceTitle "EXT 2022"]
[Source "ChessBase"]
[SourceDate "2021.10.06"]
[SourceVersion "1"]
[SourceVersionDate "2021.10.06"]
[SourceQuality "1"]
[WhiteTeam "Erfurt Medizin U20"]
[BlackTeam "Koeln Muelheim U20"]
[WhiteTeamCountry "GER"]
[BlackTeamCountry "GER"]

1. e4 Nc6 2. Nf3 e5 3. Bb5 a6 4. Ba4 Nf6 5. 0-0 Be7 6. Bxc6 dxc6 7. d3 Bg4 8. h3 Bh5 9. Nbd2 Bd6 10. Nc4 Qe7 11. Ne3 0-0-0 12. Nf5 Qd7 13. Nxg7 Rhg8 14. Nxh5 Nxh5 15. Kh1 Rg7 16. Nxe5 Ng3+ 17. fxg3 Bxe5 18. g4 h5 19. g5 Rdg8 20. Be3 f6 21. d4 Bd6 22. Rxf6 Be7 23. e5 1-0

[Event "Dortmund op-A"]
[Site "Dortmund"]
[Date "2005.07.08"]
[Round "1"]
[White "Krutwig, Longlong"]
[Black "Gohla, Ulf"]
[Result "1-0"]
[WhiteElo "2006"]
[BlackElo "2146"]
[PlyCount "81"]
[EventDate "2005.07.08"]
[EventType "swiss"]
[EventRounds "9"]
[EventCountry "GER"]
[SourceTitle "CBM 107 Extra"]
[Source "ChessBase"]
[SourceDate "2005.09.01"]
[SourceVersion "1"]
[SourceVersionDate "2005.09.01"]
[SourceQuality "1"]

1. d4 d5 2. Nf3 Nc6 3. Bf4 Bg4 4. e3 e6 5. Nbd2 Bd6 6. Bxd6 cxd6 7. c4 Nf6 8. Qb3 Qe7 9. Rc1 0-0 10. cxd5 Nxd5 11. Bd3 Rfc8 12. 0-0 Rc7 13. Be4 Nf6 14. Bxc6 bxc6 15. Rc4 Nd7 16. Rfc1 Rac8 17. Qa3 Nb6 18. R4c3 Nd5 19. R3c2 c5 20. dxc5 Rxc5 21. Rxc5 dxc5 22. Ne4 Bxf3 23. gxf3 h6 24. Rxc5 Rb8 25. b3 f5 26. Ng3 Nb4 27. Ra5 a6 28. Rxa6 Qb7 29. Rxe6 Qxf3 30. Qa7 Rd8 31. Rd6 Rc8 32. Rg6 Qd1+ 33. Kg2 Qd5+ 34. e4 Qf7 35. Qxf7+ Kxf7 36. Rb6 Nxa2 37. Nxf5 Rc7 38. e5 Nc3 39. e6+ Kf6 40. e7+ Kf7 41. Rb8 1-0

[Event "NRW-ch U16"]
[Site "Kranenburg"]
[Date "2005.04.02"]
[Round "7"]
[White "Fox, Daniel"]
[Black "Krutwig, Longlong"]
[Result "0-1"]
[WhiteElo "1802"]
[BlackElo "2042"]
[PlyCount "66"]
[EventDate "2005.03.28"]
[EventType "swiss"]
[EventRounds "7"]
[EventCountry "GER"]
[SourceTitle "CBM 105 Extra"]
[Source "ChessBase"]
[SourceDate "2005.05.01"]
[SourceVersion "1"]
[SourceVersionDate "2005.05.01"]
[SourceQuality "1"]

1. e4 e5 2. Nf3 Nc6 3. Bb5 a6 4. Ba4 Nf6 5. 0-0 Be7 6. Re1 b5 7. Bb3 0-0 8. c3 d5 9. exd5 Nxd5 10. Nxe5 Nxe5 11. Rxe5 c6 12. d4 Bd6 13. Re1 Qh4 14. g3 Qh3 15. Qf3 Bg4 16. Qg2 Qh5 17. Be3 Rae8 18. Nd2 Re6 19. Bd1 Bxd1 20. Raxd1 Rfe8 21. Nf1 Qf5 22. a3 Qc2 23. Rd2 Qf5 24. Rde2 h5 25. h4 Nf6 26. Nd2 Ng4 27. Nf3 Qd3 28. Rd2 Qg6 29. Ng5 Nxe3 30. Rxe3 Rxe3 31. fxe3 Rxe3 32. Re2 Qb1+ 33. Kh2 Bxg3+ 0-1

[Event "NRW-ch U16"]
[Site "Kranenburg"]
[Date "2005.03.31"]
[Round "5"]
[White "Rehberg, Raphael"]
[Black "Krutwig, Longlong"]
[Result "1/2-1/2"]
[WhiteElo "2190"]
[BlackElo "2042"]
[PlyCount "154"]
[EventDate "2005.03.28"]
[EventType "swiss"]
[EventRounds "7"]
[EventCountry "GER"]
[SourceTitle "CBM 105 Extra"]
[Source "ChessBase"]
[SourceDate "2005.05.01"]
[SourceVersion "1"]
[SourceVersionDate "2005.05.01"]
[SourceQuality "1"]

1. e4 e5 2. Nf3 Nc6 3. d4 exd4 4. Nxd4 Bc5 5. Nxc6 Qf6 6. Qd2 dxc6 7. Bd3 Be6 8. 0-0 0-0-0 9. Qg5 Qxg5 10. Bxg5 f6 11. Bd2 Ne7 12. Bc3 Ng6 13. Re1 Nf4 14. Bf1 Rhe8 15. Nd2 Bd4 16. Bxd4 Rxd4 17. Nb3 Bxb3 18. axb3 Rdxe4 19. Rxe4 Rxe4 20. g3 Ne2+ 21. Kg2 Re8 22. Rxa7 Nd4 23. Bd3 h6 24. b4 Nb5 25. Ra1 Nd6 26. Rd1 b6 27. Kf3 Re5 28. Kg2 Kb7 29. f4 Re7 30. Kf3 Re6 31. Kg4 Re7 32. Kh5 b5 33. Kg6 Kb6 34. Rd2 c5 35. Re2 Rd7 36. bxc5+ Kxc5 37. Bf5 Nxf5 38. Kxf5 Kc4 39. Ke6 Rd6+ 40. Kf7 Rd7+ 41. Re7 Rxe7+ 42. Kxe7 b4 43. Kd7 c5 44. Kd6 Kd4 45. f5 c4 46. Kc6 c3 47. bxc3+ bxc3 48. Kb5 Ke4 49. Kc4 Kxf5 50. Kxc3 Ke4 51. Kb4 f5 52. c4 g5 53. c5 Kd5 54. Kb5 f4 55. gxf4 gxf4 56. c6 f3 57. c7 f2 58. c8Q f1Q+ 59. Ka5 Qa1+ 60. Kb5 Qb2+ 61. Ka4 Qxh2 62. Kb3 Ke4 63. Qe6+ Kf3 64. Kc3 h5 65. Kd3 h4 66. Qf5+ Kg2 67. Qe4+ Kg1 68. Qe1+ Kg2 69. Qe4+ Kf2 70. Qe2+ Kg3 71. Qe5+ Kh3 72. Qf5+ Kg2 73. Qe4+ Kf1 74. Qf3+ Kg1 75. Qd1+ Kg2 76. Qe2+ Kg3 77. Qe5+ Kg2 1/2-1/2

[Event "NRW-ch U16"]
[Site "Kranenburg"]
[Date "2005.03.28"]
[Round "1"]
[White "Werthebach, Felix"]
[Black "Krutwig, Longlong"]
[Result "1-0"]
[WhiteElo "1942"]
[BlackElo "2042"]
[PlyCount "85"]
[EventDate "2005.03.28"]
[EventType "swiss"]
[EventRounds "7"]
[EventCountry "GER"]
[SourceTitle "CBM 105 Extra"]
[Source "ChessBase"]
[SourceDate "2005.05.01"]
[SourceVersion "1"]
[SourceVersionDate "2005.05.01"]
[SourceQuality "1"]

1. Nf3 c5 2. g3 Nc6 3. Bg2 d6 4. d3 g6 5. 0-0 Bg7 6. Nbd2 Nf6 7. e4 0-0 8. c3 e5 9. a4 Ne8 10. Nc4 f5 11. exf5 gxf5 12. Nh4 Be6 13. Ne3 f4 14. Nd5 Nf6 15. Nxf6+ Bxf6 16. Nf3 Qd7 17. d4 cxd4 18. cxd4 e4 19. d5 exf3 20. dxe6 Qg7 21. Bxf3 Be5 22. Bd5 Kh8 23. Kh1 Nd4 24. e7 Rf5 25. Be4 fxg3 26. fxg3 Rxf1+ 27. Qxf1 Qxe7 28. Be3 Rc8 29. Qd3 Ne6 30. Rb1 Nc5 31. Bxc5 dxc5 32. b3 b6 33. Rd1 Bd4 34. Rf1 Re8 35. Bg2 Qe3 36. Qxe3 Rxe3 37. Bd5 Re7 38. Bc4 Kg7 39. Kg2 Kg6 40. h4 Re3 41. g4 Be5 42. Rf3 Re4 43. Bd3 1-0

[Event "GER-chT U20"]
[Site "Cologne"]
[Date "2004.12.27"]
[Round "1.4"]
[White "Krutwig, Longlong"]
[Black "Noe, Christopher"]
[Result "1-0"]
[WhiteElo "2030"]
[BlackElo "1543"]
[PlyCount "65"]
[EventDate "2004.12.27"]
[EventType "team-tourn"]
[EventRounds "7"]
[EventCountry "GER"]
[SourceTitle "CBM 104 Extra"]
[Source "ChessBase"]
[SourceDate "2005.03.01"]
[SourceVersion "1"]
[SourceVersionDate "2005.03.01"]
[SourceQuality "1"]
[WhiteTeam "Koeln Muelheim (U20)"]
[BlackTeam "Eppingen (U20)"]
[WhiteTeamCountry "GER"]
[BlackTeamCountry "GER"]

1. d4 d5 2. Nf3 Nf6 3. Bf4 Bf5 4. c4 e6 5. Qb3 b6 6. e3 Bd6 7. Bg5 Be7 8. Nc3 c6 9. Be2 0-0 10. Nh4 Bg4 11. Bxf6 Bxe2 12. Bxe7 Qxe7 13. Nxe2 Qxh4 14. Rc1 Nd7 15. cxd5 cxd5 16. Qb5 Nf6 17. 0-0 Ne4 18. f3 Nd2 19. Rfd1 Nc4 20. Rd3 a6 21. Qb4 Qd8 22. Rdc3 a5 23. Qb5 Qg5 24. Kf2 Qh4+ 25. Ng3 a4 26. b3 axb3 27. axb3 Ra2+ 28. Kg1 Nd2 29. R3c2 Rxc2 30. Rxc2 Nb1 31. Rc1 Na3 32. Qb4 Ra8 33. Qxa3 1-0

[Event "NRW Holiday U16"]
[Site "Wewelsburg"]
[Date "2003.09.09"]
[Round "5"]
[White "Krutwig, Longlong"]
[Black "Scharnowski, Tobias"]
[Result "1-0"]
[WhiteElo "1829"]
[BlackElo "1718"]
[PlyCount "73"]
[EventDate "2003.09.??"]
[EventType "swiss"]
[EventRounds "7"]
[EventCountry "GER"]
[SourceTitle "EXT 2005"]
[Source "ChessBase"]
[SourceDate "2004.11.15"]
[SourceVersion "1"]
[SourceVersionDate "2004.11.15"]
[SourceQuality "1"]

1. d4 d5 2. Nf3 Nf6 3. Bf4 e6 4. e3 Bd6 5. c3 b6 6. Bd3 Bb7 7. 0-0 0-0 8. Nbd2 c5 9. Ne5 Nc6 10. Ndf3 Qc7 11. h3 Nd7 12. Ng5 g6 13. Nxh7 Ndxe5 14. dxe5 Bxe5 15. Bxe5 Nxe5 16. Nxf8 Rxf8 17. Be2 Kg7 18. Qb3 Rh8 19. Rfd1 Qc6 20. Qb5 Qc7 21. Rd2 Qe7 22. Qa4 Bc6 23. Qf4 f6 24. Qg3 Nf7 25. c4 Ng5 26. f3 Nf7 27. Rad1 Nh6 28. Bd3 Be8 29. Bc2 Bf7 30. f4 f5 31. Bb3 dxc4 32. Bxc4 Rc8 33. Rd7 Qf6 34. Qg5 Qxb2 35. Bxe6 Qc3 36. R7d3 Qc2 37. Bxc8 1-0

[Event "Dortmund op-B"]
[Site "Dortmund"]
[Date "2003.08.08"]
[Round "7"]
[White "Heesemann, Michael"]
[Black "Krutwig, Longlong"]
[Result "0-1"]
[WhiteElo "1715"]
[BlackElo "1829"]
[PlyCount "44"]
[EventDate "2003.08.01"]
[EventType "swiss"]
[EventRounds "9"]
[EventCountry "GER"]
[SourceTitle "CBM 095 Extra"]
[Source "ChessBase"]
[SourceDate "2003.09.04"]
[SourceVersion "1"]
[SourceVersionDate "2003.09.04"]
[SourceQuality "1"]

1. e4 e5 2. Bc4 Nc6 3. f4 exf4 4. Nf3 Nf6 5. Nc3 d6 6. d4 Nh5 7. d5 Ne5 8. Nxe5 Qh4+ 9. g3 fxg3 10. Bb5+ Ke7 11. Qf3 g2+ 12. Ke2 Bg4 13. Nxg4 gxh1Q 14. Bg5+ Qxg5 15. Rxh1 a6 16. Rf1 axb5 17. Qxf7+ Kd8 18. Ne3 Be7 19. Nxb5 Ra4 20. Kd3 Rf8 21. Qe6 Rxf1 22. Nxf1 Nf4+ 0-1

[Event "Dortmund op-B"]
[Site "Dortmund"]
[Date "2003.08.04"]
[Round "4"]
[White "Glienke, Norbert"]
[Black "Krutwig, Longlong"]
[Result "0-1"]
[WhiteElo "1704"]
[BlackElo "1829"]
[PlyCount "79"]
[EventDate "2003.08.01"]
[EventType "swiss"]
[EventRounds "9"]
[EventCountry "GER"]
[SourceTitle "CBM 095 Extra"]
[Source "ChessBase"]
[SourceDate "2003.09.04"]
[SourceVersion "1"]
[SourceVersionDate "2003.09.04"]
[SourceQuality "1"]

1. e4 e5 2. Nf3 Nc6 3. Bb5 a6 4. Bxc6 dxc6 5. 0-0 f6 6. d3 Bg4 7. h3 Bh5 8. Nbd2 Ne7 9. Re1 Bf7 10. Nf1 c5 11. Ng3 Qd7 12. Be3 Nc6 13. c3 0-0-0 14. Qa4 Qxd3 15. Rad1 Qb5 16. Rxd8+ Nxd8 17. Qxb5 axb5 18. b3 b6 19. Rd1 g6 20. Nh2 h5 21. Ne2 c4 22. b4 Ne6 23. Nf1 Kb7 24. Bc1 Be8 25. Ne3 c6 26. Kf1 Kc7 27. f3 Bf7 28. a3 Bh6 29. Nc2 Bxc1 30. Rxc1 c5 31. Ne3 Ng7 32. Rd1 Ra8 33. Nc2 Bg8 34. Ke1 Bh7 35. Ne3 Bg8 36. Nc2 Ne6 37. Kd2 f5 38. Ng3 h4 39. exf5 Nf4 40. Ne2 0-1

[Event "Dortmund op-B"]
[Site "Dortmund"]
[Date "2003.08.02"]
[Round "2"]
[White "Singh, Marcel"]
[Black "Krutwig, Longlong"]
[Result "0-1"]
[WhiteElo "1552"]
[BlackElo "1829"]
[PlyCount "70"]
[EventDate "2003.08.01"]
[EventType "swiss"]
[EventRounds "9"]
[EventCountry "GER"]
[SourceTitle "CBM 095 Extra"]
[Source "ChessBase"]
[SourceDate "2003.09.04"]
[SourceVersion "1"]
[SourceVersionDate "2003.09.04"]
[SourceQuality "1"]

1. e4 Nc6 2. Nf3 e5 3. d4 exd4 4. Nxd4 Bc5 5. Be3 Qf6 6. c3 Nge7 7. Bc4 0-0 8. 0-0 d6 9. Nc2 Ne5 10. Be2 Bxe3 11. Nxe3 Be6 12. Nd2 Rad8 13. Qc2 d5 14. Rad1 c6 15. f4 Qh6 16. exd5 cxd5 17. Nb3 N5c6 18. g3 Rfe8 19. Bf3 Qf6 20. Nd4 Bh3 21. Rfe1 Nxd4 22. cxd4 Be6 23. Qd2 g6 24. Rc1 Rc8 25. Red1 Red8 26. a3 Nc6 27. Rc5 Nxd4 28. Qxd4 Qxd4 29. Rxd4 Rxc5 30. Kg2 Kg7 31. h3 Rc1 32. g4 f6 33. h4 Rb1 34. Rd2 b6 35. Bxd5 Re1 0-1